000 00422nam a22001697a 4500
005 20180625112118.0
008 160517b xxu||||| |||| 00| 0 eng d
020 _a81-203-20727
041 _aeng
082 _b2496
_a658.1
100 _aRichard H. Hall
_9642
245 _aOrganizational Structures Processed and out come
260 _aNew Delhi
_bPHI,
_c2003
300 _a318
650 _aManagement
_9241
942 _cBK
999 _c908
_d908